¡Qué siga la fiesta! / (Registro nro. 15302)

000 -CABECERA
campo de control de longitud fija 02605nam a22003257a 4500
003 - IDENTIFICADOR DEL NÚMERO DE CONTROL
campo de control OSt
005 - FECHA Y HORA DE LA ÚLTIMA TRANSACCIÓN
campo de control 20231123160520.0
007 - CAMPO FIJO DE DESCRIPCIÓN FÍSICA--INFORMACIÓN GENERAL
campo de control de longitud fija ta
008 - DATOS DE LONGITUD FIJA--INFORMACIÓN GENERAL
campo de control de longitud fija 221116s2022 ck a er 00| jdspa d
020 ## - NÚMERO INTERNACIONAL ESTÁNDAR DEL LIBRO
Número Internacional Estándar del Libro 9786289528510
040 ## - FUENTE DE LA CATALOGACIÓN
Centro/agencia transcriptor CO-MqBPB
041 0# - CÓDIGO DE LENGUA
Código de lengua del texto/banda sonora o título independiente spa
082 ## - NÚMERO DE LA CLASIFICACIÓN DECIMAL DEWEY
Número de clasificación AC
Número de documento/Ítem SARq
100 1# - ENTRADA PRINCIPAL--NOMBRE DE PERSONA
Nombre de persona Sarmiento Sequeda, Favio
Fechas asociadas al nombre 1984-
Término indicativo de función/relación autor
9 (RLIN) 234431
245 11 - MENCIÓN DE TÍTULO
Título ¡Qué siga la fiesta! /
Mención de responsabilidad, etc. Favio Sarmiento Sequeda
250 ## - MENCIÓN DE EDICIÓN
Mención de edición Edición especial
264 #1 - PRODUCCIÓN, PUBLICACIÓN, DISTRIBUCIÓN, FABRICACIÓN Y COPYRIGHT
Producción, publicación, distribución, fabricación y copyright Bucaramanga, Colombia;
Nombre del de productor, editor, distribuidor, fabricante Ediciones Corazón de Mango,
Fecha de producción, publicación, distribución, fabricación o copyright 2022
300 ## - DESCRIPCIÓN FÍSICA
Extensión 100 páginas;
Otras características físicas Ilustraciones en blanco y negro, Tapa Rústica,
Dimensiones 21 cm
490 0# - MENCIÓN DE SERIE
Mención de serie Plan Nacional de Lectura y Escritura Leer es mi Cuento / Ministerio de Cultura
500 ## - NOTA GENERAL
Nota general "Este libro muestras el compromiso del autor santandereano con la escritura imaginativa, pulcra e inquietante que no evade ningún tema porque sabe que es la condición humana en todas sus perspectivas la que nutre a la buena narrativa".<br/><br/>Decidí bailar con José Miguel ese último ritmo y me abracé a él mientras ardía. Las llamas penetraban mi carne viva, pero pude tomar la mano de José Miguel para que se fundieran juntas en las fiestas de Santa Anita. Los borrachos del pueblo gritaban despropósitos a los dos cuerpos en llamas.<br/>Nadie quería apagar el fuego porque el fuego es fiesta.<br/>Mis ojos pudieron ver de cerca esos ojos tristes de José Miguel, me aferré a su carne quemada hasta el último suspiro de mis fuerzas. Nunca supe que pensaba de aquella noche, nunca supe si me odiaba o me amaba.<br/>Pero ya estábamos fundidos los dos, en medio de la más grande fiesta de carnicería humana, fundidos en el parque central de Santa Anita.<br/>La fiesta continúo durante tres días sin parar. El señor alcalde regaló cien canastas de cerveza para todo el que necesitase un poco de bebida fresca para festejar. La s cenizas volaron sobre el cielo de Santa Anita y algunas regiones aledañas durante todas las jornadas de celebración. Nada importó porque sólo un sentimiento invadía al pueblo: ¡Qué siga la fiesta!.
521 ## - NOTA DE PÚBLICO DESTINATARIO
Nota de público destinatario Recomendado para un público adulto
545 ## - DATOS BIOGRÁFICOS O HISTÓRICOS
Datos biográficos o históricos Incluye datos biográficos del autor al final del texto
586 ## - NOTA DE PREMIOS
Nota de premios Obra ganadora de la Beca de Creación Obra Inédita de Cuento "Bucaramanga cree en su talento", 2021
650 17 - PUNTO DE ACCESO ADICIONAL DE MATERIA--TÉRMINO DE MATERIA
Término de materia o nombre geográfico como elemento de entrada Cuentos colombianos
Subdivisión cronológica Siglo XXI
Fuente del encabezamiento o término ARMARC
9 (RLIN) 234432
650 17 - PUNTO DE ACCESO ADICIONAL DE MATERIA--TÉRMINO DE MATERIA
Término de materia o nombre geográfico como elemento de entrada Literatura colombiana
Subdivisión cronológica Siglo XXI
Fuente del encabezamiento o término ARMARC
9 (RLIN) 3715
650 17 - PUNTO DE ACCESO ADICIONAL DE MATERIA--TÉRMINO DE MATERIA
Término de materia o nombre geográfico como elemento de entrada Vida cotidiana en la literatura
Fuente del encabezamiento o término ARMARC
9 (RLIN) 7540
650 17 - PUNTO DE ACCESO ADICIONAL DE MATERIA--TÉRMINO DE MATERIA
Término de materia o nombre geográfico como elemento de entrada Amor en la literatura
Fuente del encabezamiento o término ARMARC
9 (RLIN) 234433
650 17 - PUNTO DE ACCESO ADICIONAL DE MATERIA--TÉRMINO DE MATERIA
Término de materia o nombre geográfico como elemento de entrada Amistad en la literatura
Fuente del encabezamiento o término ARMARC
9 (RLIN) 497
942 ## - ELEMENTOS DE PUNTO DE ACCESO ADICIONAL (KOHA)
Fuente del sistema de clasificación o colocación
Tipo de ítem Koha Libro Literatura
Existencias
Estado de retiro Estado de pérdida Fuente del sistema de clasificación o colocación Estado dañado No para préstamo Código de colección Localización permanente Ubicación/localización actual Ubicación en estantería Fecha de adquisición Fuente de adquisición Número de inventario Total de préstamos Signatura topográfica completa Código de barras Fecha visto por última vez Número de copia Precio válido a partir de Tipo de ítem Koha Nota pública
          Literatura Adulto Biblioteca Pública San Juan Bosco Biblioteca Pública San Juan Bosco Literatura 23/11/2023 Dotación BNC 2023 NT   AC SARq MOS503500 23/11/2023 Ej. 1 23/11/2023 Libro Literatura Quince días
          Literatura Adulto Sede: La Armonía de Usca Sede: La Armonía de Usca Literatura 27/02/2024 Dotación BNC 2023 NT   AC SARq MUS000368 27/02/2024 Ej.1 27/02/2024 Libro Literatura Quince días

© Todos los derechos reservados para la Biblioteca Pública Municipal San Juan Bosco, 2020
Secretaria de Cultura de Mosquera
Carrera 3 N° 10 Esquina Centro Cultural Barrio El Carmén Teléfono: 8270830 Ext: 34
Funcionando con KOHA
Contacto: Biblioteca Pública Municipal San Juan Bosco/ bibliotecasanjuanbosco@mosquera-cundinamarca.gov.co
Mosquera, Cundinamarca